عرض عادي عرض مارك
  • Pugh, Derek Salman.

مدخل إسم شخص

عدد التسجيلات المستخدمة في: 1

001 - رقم الضبط

  • حقل الضبط: 34331

003 - معرف رقم الضبط

  • حقل الضبط: OSt

005 - تاريخ ووقت أخر عملية

  • حقل الضبط: 20130314104214.0

008 - عناصر بيانات ثابتة الطول

  • حقل تحكم ثابت الطول: 130314|||a|||||| | ||| d

040 ## - مصدر الفهرسة

  • هيئة الفهرسة الأصلية: OSt
  • وكالة الكتابة: OSt

100 ## - مدخل -- أسم شخص

  • إسم شخص: Pugh, Derek Salman.

670 ## - بيانات المصدر موجوده

  • الاستشهاد بالمصدر: Work cat.: (OSt)0: Phillips, Estelle, 1928- 34328, How to get a Phd, 2010.